[Event "POHÁR města Říčany 2023"]
[Site "Městské kulturní středisko U labutě"]
[Date "2023.09.01"]
[Round "8.23"]
[White "Migalko, Dmitriy"]
[Black "Skokan, Frantisek"]
[Result "1-0"]
[WhiteElo "1670"]
[BlackElo "1881"]
[WhiteFideId "34147489"]
[BlackFideId "327492"]
[PlyCount "0"]
[EventDate "2023.08.26"]

1. e4 c5 2. Nf3 Nc6 3. Bb5 a6 4. Bxc6 bxc6 5. e5 g6 6. O-O Bg7 7. Re1 Nh6
8. Nc3 O-O 9. d3 Rb8 10. Na4 d6 11. Bg5 Qd7 12. exd6 exd6 13. Re7 Qg4 14. Qd2
Nf5 15. Re4 Qh5 16. h4 Nd4 17. Nxd4 Bxd4 18. c3 f5 19. g4 Bxf2+ 20. Qxf2 fxg4
21. Rf4 Bf5 22. d4 Rbe8 23. Re1 h6 24. Be7 g3 25. Qxg3 Rf7 26. Bxd6 Rxe1+
27. Qxe1 g5 28. hxg5 Rg7 29. Kf2 Qxg5 30. Rf3 Qg2+ 31. Ke3 cxd4+ 32. cxd4 Bg4
33. Rf8+ Kh7 34. Qb1+ 1-0

[Event "POHÁR města Říčany 2023"]
[Site "Městské kulturní středisko U labutě"]
[Date "2023.09.01"]
[Round "8.25"]
[White "Strnadova, Monika"]
[Black "Horyna, Josef"]
[Result "1/2-1/2"]
[WhiteElo "1833"]
[BlackElo "1689"]
[WhiteFideId "23701668"]
[BlackFideId "316369"]
[PlyCount "0"]
[EventDate "2023.08.26"]

1. d4 Nf6 2. Bf4 d5 3. e3 e6 4. Nf3 Nbd7 5. Nbd2 Be7 6. h3 c6 7. c4 Ne4 8. cxd5
exd5 9. Bd3 Nxd2 10. Qxd2 Nf6 11. O-O O-O 12. Rac1 Re8 13. Ne5 Be6 14. Qe2 Rc8
15. g4 Nd7 16. Kh2 Nxe5 17. dxe5 f6 18. exf6 Bxf6 1/2-1/2

[Event "POHÁR města Říčany 2023"]
[Site "Městské kulturní středisko U labutě"]
[Date "2023.09.01"]
[Round "8.26"]
[White "Lavrincik, Pavel"]
[Black "Sedlak, Milan"]
[Result "0-1"]
[WhiteElo "1657"]
[BlackElo "1785"]
[WhiteFideId "320188"]
[BlackFideId "23746149"]
[PlyCount "0"]
[EventDate "2023.08.26"]

1. c4 Nf6 2. Nc3 g6 3. e4 d6 4. g3 Bg7 5. Bg2 e5 6. Nge2 Nc6 7. d3 Be6 8. Nd5
Nd4 9. O-O c6 10. Nxf6+ Bxf6 11. f4 Bg4 12. Rf2 Nxe2+ 13. Rxe2 Bxe2 14. Qxe2 O-O
15. Be3 Qe7 16. Rf1 b5 17. b3 b4 18. c5 exf4 19. cxd6 Qxd6 20. Bxf4 Be5 21. Bh6
Rfd8 22. Qf3 f6 23. Rd1 c5 24. Bh3 Kh8 25. Kg2 a5 26. g4 g5 27. Qf5 Rg8 28. Rc1
a4 29. bxa4 Rxa4 30. d4 Rxa2+ 31. Kf1 Bxd4 32. Rd1 Qa6+ 0-1

[Event "POHÁR města Říčany 2023"]
[Site "Městské kulturní středisko U labutě"]
[Date "2023.09.01"]
[Round "8.27"]
[White "Pavlicek, Petr"]
[Black "Svetly, Jiri"]
[Result "1-0"]
[WhiteElo "1688"]
[BlackElo "1850"]
[WhiteFideId "325163"]
[BlackFideId "316032"]
[PlyCount "0"]
[EventDate "2023.08.26"]

1. Nf3 Nf6 2. d4 g6 3. c4 Bg7 4. g3 d6 5. Bg2 O-O 6. O-O c5 7. Nc3 a6 8. h3 Nc6
9. dxc5 dxc5 10. Be3 Nd7 11. Qd2 e6 12. Bh6 Nde5 13. Qxd8 Rxd8 14. Bxg7 Kxg7
15. Nxe5 Nxe5 16. b3 f5 17. Na4 Rb8 18. Nxc5 b6 19. Na4 b5 20. cxb5 Bd7 21. bxa6
Bxa4 22. a7 Ra8 23. Bxa8 Rxa8 24. bxa4 Rxa7 25. Rfc1 Rxa4 26. Rc3 Kf6 27. a3 Nc4
28. Rb3 Ra6 29. a4 Ke5 30. a5 Kd6 31. Ra4 Ne5 32. Rb7 h5 33. f4 Nc4 34. Rg7 Kc5
35. Rxg6 Kb5 36. Ra2 Nxa5 37. Rh6 Rd6 38. Rxh5 Kb4 39. g4 Nc4 40. Kf2 Nd2
41. Rc2 1-0

[Event "POHÁR města Říčany 2023"]
[Site "Městské kulturní středisko U labutě"]
[Date "2023.09.01"]
[Round "8.28"]
[White "Verner, Matej"]
[Black "Vavrinec, Tomas"]
[Result "0-1"]
[WhiteElo "1698"]
[BlackElo "1847"]
[WhiteFideId "23729236"]
[BlackFideId "318353"]
[PlyCount "0"]
[EventDate "2023.08.26"]

1. e4 e6 2. d4 d5 3. e5 c5 4. c3 Qb6 5. Nf3 Nc6 6. Bd3 cxd4 7. cxd4 Bd7 8. O-O
Nxd4 9. Nxd4 Qxd4 10. Nc3 a6 11. Qe2 Ne7 12. Kh1 Nc6 13. f4 Bc5 14. Rd1 Qf2
15. Qg4 O-O-O 16. a3 h5 17. Qh3 g5 18. Bf1 Qg1# 0-1

[Event "POHÁR města Říčany 2023"]
[Site "Městské kulturní středisko U labutě"]
[Date "2023.09.01"]
[Round "8.29"]
[White "Cermak, Filip"]
[Black "Kovar, Jan"]
[Result "0-1"]
[WhiteElo "1403"]
[BlackElo "1810"]
[WhiteFideId "23739096"]
[BlackFideId "354015"]
[PlyCount "0"]
[EventDate "2023.08.26"]

1. d4 d5 2. Nf3 Nf6 3. g3 Bf5 4. Bg2 e6 5. c4 c6 6. O-O Bd6 7. Nc3 Nbd7 8. Nh4
Bg6 9. Bg5 Be7 10. Nxg6 hxg6 11. Qb3 Qb6 12. c5 Qxb3 13. axb3 a6 14. e4 dxe4
15. Bxf6 Nxf6 16. Rfd1 O-O-O 17. h3 Rd7 18. Na4 Kc7 19. Nb6 Rdd8 20. b4 Nd5
21. Nc4 Nxb4 22. Ne5 Rdf8 23. Bxe4 Rxh3 24. Kg2 Rhh8 25. Rh1 Rxh1 26. Rxh1 Bf6
27. f4 Bxe5 28. dxe5 a5 29. Rh7 Rg8 30. Kf3 b6 31. cxb6+ Kxb6 32. Ke3 Kc5 33. b3
Nd5+ 34. Kd3 Rb8 35. Kc2 Kd4 36. Bxd5 cxd5 37. Rxg7 Rb7 38. Kd2 Ke4 39. Ke2 Rxb3
40. Rxf7 Rxg3 41. Rf6 a4 42. Rxe6 Kxf4 43. Ra6 Kxe5 0-1

[Event "POHÁR města Říčany 2023"]
[Site "Městské kulturní středisko U labutě"]
[Date "2023.09.01"]
[Round "8.30"]
[White "Zemen, Pavel"]
[Black "Osipyan, David"]
[Result "1-0"]
[WhiteElo "1785"]
[BlackElo "1555"]
[WhiteFideId "387410"]
[BlackFideId "23751827"]
[PlyCount "0"]
[EventDate "2023.08.26"]

1. e4 c6 2. d4 d5 3. Nd2 dxe4 4. Nxe4 Nf6 5. Ng3 e6 6. Nf3 c5 7. Be3 cxd4
8. Nxd4 Bd7 9. Be2 Be7 10. Bf3 Qc7 11. O-O Nc6 12. Nb5 Qe5 13. Nc3 O-O 14. Qd2
Rfd8 15. Rad1 Rac8 16. Qc1 Bb4 17. Nce4 Nxe4 18. Nxe4 Be7 19. a3 b6 20. Bf4 Qb5
21. Bd6 Qa6 22. Bxe7 Nxe7 23. Nd6 Rc7 24. Qf4 f6 25. Nf7 e5 26. Nxe5 Qc8
27. Nxd7 Rcxd7 28. c3 Rxd1 29. Rxd1 Rxd1+ 30. Bxd1 Qe6 31. Qd2 Nc6 32. Bf3 Kf8
33. h3 Ke7 34. Bg4 Qd6 35. Qe2+ Qe5 36. Qf3 Na5 37. b4 Nc4 38. Qb7+ Kf8 39. Qc8+
1-0

[Event "POHÁR města Říčany 2023"]
[Site "Městské kulturní středisko U labutě"]
[Date "2023.09.01"]
[Round "8.31"]
[White "Havelka, Petr"]
[Black "Pogorelskiy, Boris"]
[Result "1/2-1/2"]
[WhiteElo "1782"]
[BlackElo "1445"]
[WhiteFideId "323560"]
[BlackFideId "34365478"]
[PlyCount "0"]
[EventDate "2023.08.26"]

1. d4 d5 2. c4 c6 3. cxd5 cxd5 4. Nc3 Nf6 5. Nf3 Nc6 6. e3 Bf5 7. a3 h6 8. Qb3
Rb8 9. Bb5 a6 10. Bxc6+ bxc6 11. Qa4 Qb6 12. Ne5 Rc8 13. O-O e6 14. b4 Bd6
15. Nf3 O-O 16. Bd2 Ne4 17. Rfc1 Nxc3 18. Bxc3 Qb5 19. Qxb5 cxb5 20. Be1 Bg4
21. Nd2 e5 22. Nb3 exd4 23. exd4 Rc4 24. f3 Bf5 25. Bf2 Rfc8 26. Nc5 Bxc5
1/2-1/2

[Event "POHÁR města Říčany 2023"]
[Site "Městské kulturní středisko U labutě"]
[Date "2023.09.01"]
[Round "8.32"]
[White "Stufka, Martin"]
[Black "Konvalinka, Vladislav"]
[Result "1-0"]
[WhiteElo "1258"]
[BlackElo "1705"]
[WhiteFideId "23748800"]
[BlackFideId "342955"]
[PlyCount "0"]
[EventDate "2023.08.26"]

1. e4 c6 2. d4 d5 3. f3 Qb6 4. Nc3 dxe4 5. fxe4 e5 6. dxe5 Be6 7. Nf3 Ne7
8. Bg5 Ng6 9. Qd2 Nd7 10. Nd4 Ndxe5 11. Nxe6 fxe6 12. O-O-O Be7 13. Bxe7 Nxe7
14. Qd6 Ng4 15. Qxe6 Nf2 16. Bc4 Rf8 1-0

[Event "POHÁR města Říčany 2023"]
[Site "Městské kulturní středisko U labutě"]
[Date "2023.09.01"]
[Round "8.33"]
[White "Tichy, Tomas"]
[Black "Hosova, Sandra"]
[Result "1/2-1/2"]
[WhiteElo "1634"]
[BlackElo "1898"]
[WhiteFideId "23715430"]
[BlackFideId "397717"]
[PlyCount "0"]
[EventDate "2023.08.26"]

1. e4 d5 2. exd5 Qxd5 3. Nc3 Qd6 4. d4 c6 5. Nf3 Bg4 6. Be3 Nf6 7. h3 Bxf3
8. Qxf3 e6 9. O-O-O Qc7 10. Bg5 Nbd7 11. Kb1 Be7 12. g4 h6 13. Bh4 g5 14. Bg3
Bd6 15. Bc4 O-O-O 16. Rhe1 Rhe8 17. Bxd6 Qxd6 18. Ne4 Nxe4 19. Qxe4 Nb6 20. Bb3
Re7 21. c3 Red7 22. Qh7 Qf8 23. Qe4 Nd5 24. Bxd5 Rxd5 25. Rd2 Qd6 26. Qf3 Qd7
27. Qf6 c5 28. Qxh6 cxd4 29. cxd4 Rxd4 30. Rc1+ Kb8 31. Rxd4 Qxd4 32. Qxg5
1/2-1/2

[Event "POHÁR města Říčany 2023"]
[Site "Městské kulturní středisko U labutě"]
[Date "2023.09.01"]
[Round "8.34"]
[White "Cervenka, Petr"]
[Black "Glasberger, Roman"]
[Result "0-1"]
[WhiteElo "1869"]
[BlackElo "1555"]
[WhiteFideId "312444"]
[BlackFideId "398799"]
[PlyCount "0"]
[EventDate "2023.08.26"]

1. e4 c5 2. Nc3 Nc6 3. g3 g6 4. Bg2 Bg7 5. f4 d6 6. Nf3 e6 7. d3 Nge7 8. O-O
O-O 9. Be3 a6 10. e5 Nf5 11. Bf2 dxe5 12. Bxc5 Re8 13. fxe5 Nxe5 14. Kh1 Qc7
15. Ne4 Bd7 16. c3 Bc6 17. Nxe5 Bxe5 18. Bf2 Rad8 19. Qf3 Qe7 20. Rae1 Nd6
21. Bc5 f5 22. Qe3 fxe4 23. dxe4 Qg7 24. Rf2 Rf8 25. Rfe2 Nc4 26. Qc1 Bd6
27. Bg1 Ne5 28. Qc2 Bb5 29. Rd2 Be7 30. Bd4 Bf6 31. Qb3 Nc4 32. Rdd1 Bxd4
33. cxd4 Rxd4 34. a4 Rxd1 35. Rxd1 Qxb2 36. Qd3 Bxa4 37. Rg1 Bb5 38. Bh3 Qe5
39. Re1 Nd6 40. Qe3 Rc8 41. Qb6 Bc6 42. Bg2 Rf8 43. Kg1 Qb5 44. Qd4 Nf7 45. Bf1
Qe5 46. Qc4 Ng5 47. Bg2 Nf3+ 48. Bxf3 Rxf3 49. Kg2 Qf6 50. Qe2 Rb3 51. Kg1 Qd4+
52. Kh1 Rb2 53. Qg4 Bd7 54. Qg5 Bb5 55. Rc1 Qxe4+ 0-1

[Event "POHÁR města Říčany 2023"]
[Site "Městské kulturní středisko U labutě"]
[Date "2023.09.01"]
[Round "8.35"]
[White "Jirousek, Tadeas"]
[Black "Kammova, Katerina"]
[Result "1-0"]
[WhiteElo "1791"]
[BlackElo "1487"]
[WhiteFideId "382353"]
[BlackFideId "23737336"]
[PlyCount "0"]
[EventDate "2023.08.26"]

1. d4 d5 2. Nf3 Nf6 3. e3 c5 4. Bd3 Nc6 5. O-O Bg4 6. c3 e6 7. Nbd2 Bd6 8. Re1
Qc7 9. h3 Bh5 10. dxc5 Bxc5 11. e4 dxe4 12. Nxe4 Nxe4 13. Bxe4 Bg6 14. Ng5 Bxe4
15. Nxe4 Be7 16. Qg4 Bf8 17. Bf4 e5 18. Rad1 Qc8 19. Nd6+ Bxd6 20. Qxg7 Ne7
21. Qxh8+ Kd7 22. Rxd6+ Kxd6 23. Qxe5+ Kc6 24. Qd6+ Kb5 25. a4+ Kxa4 26. Qb4#
1-0

[Event "POHÁR města Říčany 2023"]
[Site "Městské kulturní středisko U labutě"]
[Date "2023.09.01"]
[Round "8.36"]
[White "Sedmihradsky, Tomas"]
[Black "Vajdik, Josef"]
[Result "1-0"]
[WhiteElo "1768"]
[BlackElo "1377"]
[WhiteFideId "23709936"]
[BlackFideId "23716606"]
[PlyCount "0"]
[EventDate "2023.08.26"]

1. d4 d5 2. c4 e6 3. Nf3 Nf6 4. Nc3 Be7 5. b3 O-O 6. g3 b6 7. Bg2 Bb7 8. O-O
Nbd7 9. Bb2 c5 10. cxd5 Nxd5 11. Nxd5 Bxd5 12. dxc5 Nxc5 13. Rc1 Rc8 14. e3 Bf6
15. Ba3 Re8 16. Bxc5 bxc5 17. Qe2 Be4 18. Rfd1 Qb6 19. Nd2 Bxg2 20. Kxg2 Qc6+
21. Kg1 Be7 22. Nc4 Red8 23. e4 Qc7 24. Rc2 Rxd1+ 25. Qxd1 Rd8 26. Rd2 Rxd2
27. Qxd2 Qc6 28. Qf4 1-0

[Event "POHÁR města Říčany 2023"]
[Site "Městské kulturní středisko U labutě"]
[Date "2023.09.01"]
[Round "8.37"]
[White "Dudkova, Josefina"]
[Black "Meca, Viktor st."]
[Result "0-1"]
[WhiteElo "1587"]
[BlackElo "1755"]
[WhiteFideId "23712350"]
[BlackFideId "23725672"]
[PlyCount "0"]
[EventDate "2023.08.26"]

1. d4 Nf6 2. Bf4 e6 3. e3 c5 4. c3 Nc6 5. Nf3 b6 6. Bd3 Bb7 7. h3 Be7 8. O-O
O-O 9. Nbd2 cxd4 10. cxd4 d6 11. Re1 Qd7 12. Ne4 Rfe8 13. Qc2 Nxe4 14. Bxe4 g6
15. d5 Nd8 16. dxe6 fxe6 17. Rad1 Bxe4 18. Qxe4 Rc8 19. Rd3 d5 20. Qe5 Rf8
21. Nd4 Bf6 22. Qd6 Qxd6 23. Bxd6 Re8 24. Nb5 Nf7 25. Rc3 a6 26. Nc7 Red8
27. Bg3 e5 28. Nxa6 d4 29. exd4 exd4 30. Rd3 Rc2 31. Re6 Kg7 32. Rxb6 Ne5
33. Bxe5 Bxe5 34. g3 Rf8 35. f4 Bf6 36. Rb7+ Kg8 37. Nc7 Rd8 38. Rb6 Kf7 39. Ne6
Re8 40. Kf1 Rxe6 41. Rxe6 Kxe6 42. Rb3 Kd5 43. Ke1 Ke4 44. a4 d3 45. a5 Ke3
46. Kd1 Bxb2 0-1

[Event "POHÁR města Říčany 2023"]
[Site "Městské kulturní středisko U labutě"]
[Date "2023.09.01"]
[Round "8.38"]
[White "Simak, Ivo"]
[Black "Stork, Rostislav"]
[Result "1-0"]
[WhiteElo "1575"]
[BlackElo "1723"]
[WhiteFideId "390879"]
[BlackFideId "354988"]
[PlyCount "0"]
[EventDate "2023.08.26"]

1. c4 d5 2. e3 Nf6 3. h3 e6 4. a3 a5 5. Nc3 Be7 6. Nf3 O-O 7. d4 b6 8. Qb3 Ba6
9. Nd2 Nbd7 10. e4 dxe4 11. Ndxe4 Nxe4 12. Nxe4 Nf6 13. Nxf6+ Bxf6 14. Be3 Bg5
15. O-O-O Qe7 16. f4 Bf6 17. g4 g6 18. h4 c5 19. h5 cxd4 20. Bxd4 Rfd8 21. Bg2
Rac8 22. Bxf6 Rxd1+ 23. Rxd1 Qxf6 24. Qe3 Rxc4+ 25. Kb1 Qxf4 26. h6 Qc7 27. Bf1
b5 28. Bxc4 bxc4 29. Qd4 e5 30. Qd8+ Qxd8 31. Rxd8# 1-0

[Event "POHÁR města Říčany 2023"]
[Site "Městské kulturní středisko U labutě"]
[Date "2023.09.01"]
[Round "8.39"]
[White "Kubicek, Daniel"]
[Black "Ocelak, David"]
[Result "1-0"]
[WhiteElo "1561"]
[BlackElo "1640"]
[WhiteFideId "23718838"]
[BlackFideId "23728795"]
[PlyCount "0"]
[EventDate "2023.08.26"]

1. e4 c6 2. d4 d5 3. e5 Bf5 4. Bd3 Bxd3 5. Qxd3 e6 6. f4 c5 7. c3 Nc6 8. Ne2
Nh6 9. O-O Be7 10. Nd2 Rb8 11. Nf3 Qb6 12. a3 c4 13. Qc2 Na5 14. Ng3 Nb3 15. Rb1
Nxc1 16. Qxc1 Qc6 17. Qc2 g6 18. h3 Nf5 19. Nxf5 gxf5 20. Kf2 h5 21. Rg1 Kd7
22. g4 hxg4 23. hxg4 fxg4 24. Rxg4 Rh5 25. Rbg1 Rbh8 26. Ke3 Rf5 27. Rg8 Rxg8
28. Rxg8 b5 29. Rh8 Qb6 30. Nh2 f6 31. Ng4 Kc6 32. Rh6 Qd8 33. Qh2 fxe5
34. Nxe5+ Rxe5+ 35. dxe5 Qg8 36. Kf3 Kd7 37. Qf2 Qa8 38. Ke2 Qb8 39. Rh7 Qc7
40. Qh4 Qc5 41. Qf6 a5 42. f5 exf5 43. Qxf5+ Kc7 44. Qe6 Kd8 45. Rh8+ 1-0

[Event "POHÁR města Říčany 2023"]
[Site "Městské kulturní středisko U labutě"]
[Date "2023.09.01"]
[Round "8.40"]
[White "Sboev, Kirill"]
[Black "Koper, Stefan"]
[Result "1/2-1/2"]
[WhiteElo "1542"]
[BlackElo "1720"]
[WhiteFideId "23732245"]
[BlackFideId "306606"]
[PlyCount "0"]
[EventDate "2023.08.26"]

1. d4 Nf6 2. c4 g6 3. Nc3 Bg7 4. Nf3 O-O 5. g3 c6 6. Bg2 d5 7. cxd5 cxd5 8. O-O
Nc6 9. Bg5 h6 10. Bf4 a6 11. Rc1 Bf5 12. Qb3 Na5 13. Qd1 g5 14. Be3 Nc4 15. b3
Nxe3 16. fxe3 e6 17. Nd2 Bg6 18. e4 dxe4 19. Ndxe4 Nxe4 20. Nxe4 Bxe4 21. Bxe4
Qxd4+ 22. Qxd4 Bxd4+ 23. Kh1 Rab8 24. Rc7 b5 25. Bb7 a5 26. Rd1 Rbd8 27. Ba6 b4
28. Rb7 Be3 29. Rxd8 Rxd8 30. h3 h5 31. Rb5 Rd5 32. Rxd5 exd5 33. Bd3 Kg7
34. Kg2 Kf6 35. Kf3 Bd2 36. g4 h4 37. e3 Ke5 38. Ke2 Bc3 39. Bf5 d4 40. Kd3 f6
41. Bg6 dxe3 42. Kxe3 Bd4+ 43. Kf3 Bb6 44. Bf5 Kd4 45. Ke2 Kc3 46. Kd1 Kb2
47. Kd2 Bc7 48. Be6 Be5 49. Bd7 Bc3+ 50. Kd1 Be5 51. Kd2 Bf4+ 52. Kd1 Kc3
53. Ke2 Kc2 54. Be6 Kc3 55. Bf5 Kb2 56. Kd1 Ka3 57. Kc2 a4 58. Be6 {z duvodu
chyb v zapisu nedopsano} 1/2-1/2

[Event "POHÁR města Říčany 2023"]
[Site "Městské kulturní středisko U labutě"]
[Date "2023.09.01"]
[Round "8.42"]
[White "Slivova, Linda"]
[Black "Studzinski, David"]
[Result "1-0"]
[WhiteElo "1586"]
[BlackElo "1262"]
[WhiteFideId "23709294"]
[BlackFideId "376027"]
[PlyCount "0"]
[EventDate "2023.08.26"]

1. d4 d6 2. Nf3 c6 3. b3 d5 4. Bb2 Nf6 5. e3 g6 6. Nbd2 Bg7 7. c4 b6 8. Be2 O-O
9. O-O Nbd7 10. Ne5 Qc7 11. f4 e6 12. Rc1 Qd6 13. cxd5 cxd5 14. Rc6 Qe7 15. Qc1
Qd8 16. Ba3 Re8 17. Rc7 Nxe5 18. fxe5 Nd7 19. Bd6 Bf8 20. Qc6 Bxd6 21. exd6 Rb8
22. Rxa7 Qg5 23. Rf3 Qh4 24. Bb5 Qe1+ 25. Nf1 Rd8 26. Qc7 Qh4 27. Rxf7 Kxf7
28. Qxb8 Ke8 29. Qxb6 Qe1 30. Qc7 Qb4 31. Bc6 1-0

[Event "POHÁR města Říčany 2023"]
[Site "Městské kulturní středisko U labutě"]
[Date "2023.09.01"]
[Round "8.43"]
[White "Chernyy, Andrey"]
[Black "Pechanek, Krystof Jan"]
[Result "1-0"]
[WhiteElo "1638"]
[BlackElo "1493"]
[WhiteFideId "23723785"]
[BlackFideId "23719869"]
[PlyCount "0"]
[EventDate "2023.08.26"]

1. e4 d6 2. d4 Nf6 3. Nc3 c6 4. Nf3 Qa5 5. Bd3 e5 6. dxe5 dxe5 7. Bd2 Qc7
8. Qe2 Bg4 9. h3 Bxf3 10. Qxf3 Nbd7 11. g4 h6 12. Qg3 Bd6 13. O-O-O O-O-O
14. Be3 Nc5 15. g5 Nh5 16. Qg4+ Ne6 17. Qxh5 hxg5 18. Qg4 Rh4 19. Qg3 f6 20. Be2
Nf4 21. Bg4+ Kb8 22. Bxf4 exf4 23. Qf3 Rf8 24. Rd3 g6 25. Rhd1 Be5 26. Rd7 Qa5
27. Qd3 Rhh8 28. Qc4 f5 29. Qb3 Qb6 30. Qxb6 axb6 31. exf5 gxf5 32. Be2 Rxh3
33. Na4 Ka7 34. Re1 f3 35. Bd3 Bf4+ 36. Kb1 g4 37. Nc3 g3 38. fxg3 Bxg3 39. Rf1
Re8 40. Bxf5 Rh2 41. Rxf3 Rh1+ 42. Rd1 Ree1 43. Rd3 Ref1 44. Bg4 Be5 45. Rxf1
Rxf1+ 46. Rd1 Rf4 47. Be2 Rb4 48. Rd3 Rh4 49. a3 Rh2 50. Bf3 Rh3 51. Be4 Rh4
52. Re3 Bd4 53. Re2 Rh3 54. Bd3 Rh5 55. Ka2 Ra5 56. Ne4 Rh5 57. Ng3 Rg5 58. Nf5
1-0

[Event "POHÁR města Říčany 2023"]
[Site "Městské kulturní středisko U labutě"]
[Date "2023.09.01"]
[Round "8.45"]
[White "Bara, Jan"]
[Black "Cizek, Jan"]
[Result "1-0"]
[WhiteElo "1581"]
[BlackElo "1515"]
[WhiteFideId "23716150"]
[BlackFideId "23745703"]
[PlyCount "0"]
[EventDate "2023.08.26"]

1. c4 Nf6 2. Nc3 g6 3. d4 Bg7 4. e4 d6 5. f4 O-O 6. Nf3 e5 7. fxe5 dxe5 8. Nxe5
c5 9. Bg5 cxd4 10. Nd5 Nc6 11. Nxc6 bxc6 12. Nxf6+ Bxf6 13. Bxf6 Qxf6 14. Qf3
Qe5 15. Bd3 Qa5+ 16. Kd1 Rb8 17. b3 Qa3 18. Kc2 a5 19. Rhb1 c5 20. g4 Qb4
21. Be2 Qb7 22. h4 Qe7 23. h5 Bb7 24. Bd3 Qg5 25. Rf1 f5 26. gxf5 Rxf5 27. Qxf5
gxf5 28. Rg1 h6 29. Rxg5+ hxg5 30. exf5 Kg7 31. Re1 Bf3 32. Re5 Rc8 33. f6+ Kh6
34. Re7 Bxh5 35. Rh7# 1-0

[Event "POHÁR města Říčany 2023"]
[Site "Městské kulturní středisko U labutě"]
[Date "2023.09.01"]
[Round "8.46"]
[White "Vit, Zdenek"]
[Black "Borecky, Andrej"]
[Result "1/2-1/2"]
[WhiteElo "1654"]
[BlackElo "1394"]
[WhiteFideId "23706830"]
[BlackFideId "23752670"]
[PlyCount "0"]
[EventDate "2023.08.26"]

1. e4 c5 2. Nf3 Nc6 3. d4 cxd4 4. Nxd4 Nf6 5. Nc3 e5 6. Ndb5 d6 7. Bg5 a6
8. Na3 b5 9. Nd5 Be7 10. Bxf6 Bxf6 11. c3 O-O 12. Nc2 Be6 13. Nxf6+ Qxf6
14. Qxd6 Rac8 15. Qd2 Rfd8 16. Qe3 Na5 17. Na3 Rd6 18. Be2 Rcd8 19. O-O Nc4
20. Nxc4 bxc4 21. Rfd1 Rxd1+ 22. Rxd1 Rxd1+ 23. Bxd1 Qd8 24. Be2 Qa5 25. a3 Qb5
26. Qd2 h6 27. h3 Qb7 28. f3 1/2-1/2